01221nam a2200301 a 450000100060000000300080000600500170001400600190003100700150005000800410006502000180010603500220012404000260014605000210017208000110019308200120020410000190021624500700023526000730030530000100037850001780038853301640056665000410073065100400077165500270081171000190083885600620085774427FlNmELB20241217143544.0m o d | cr cn|||||||||210112s1999 ag o 000 0 spa d z9781449204624 a(OCoLC)1230260412 aFlNmELBbspacFlNmELB 4aF2810bC196 1999 a39(82)04a9822221 aCampi, Daniel.14aLos ingenios del Norte :bun mundo de contrastes /cDaniel Campi. aBuenos Aires, Argentina :bAguilar, Altea, Taurus, Alfaguara,c1999. a35 p. aEste texto forma parte de la obra Historia de la vida privada en la Argentina, tomo 2: La Argentina plural: 1870-1930, bajo la dirección de Fernando Devoto y Marta Madero. aRecurso electrónico. Santa Fe, Arg.: e-libro, 2015. Disponible vía World Wide Web. El acceso puede estar limitado para las bibliotecas afiliadas a e-libro. 4aCostumbres y tradicioneszArgentina. 4aArgentinaxSocial life and customs. 4aLibros electrónicos.2 ae-libro, Corp.40uhttps://elibro.net/ereader/politecnicointernacional/27788